| 000 | 00394 a2200145 4500 | ||
|---|---|---|---|
| 005 | 20250403104059.0 | ||
| 020 | _a0-15-583743-5 | ||
| 082 | _a519 LAP | ||
| 100 | _aLAPIN, L. L. | ||
| 245 | _aStatistics for Modern Business Decisions. | ||
| 250 | _a3rd Ed. | ||
| 260 |
_aNew York. _bHarcourt Brace Jovanovich, _c1982. |
||
| 300 |
_axxxi, 877p.:ill.; figure, table _bIndex _c25cm |
||
| 942 |
_2ddc _cBKS |
||
| 999 |
_c1067 _d1067 |
||